| 000 | 01031cam a22002894a 4500 | ||
|---|---|---|---|
| 020 | _a0787966541 (hbk.) | ||
| 040 | _cDLC | ||
| 082 | 0 | 0 | _a618 JOS 2003 A042 Or. |
| 100 | 1 | _aWoods, James R., | |
| 245 | 1 | 0 |
_aWhat do I say? : _bcommunicating intended or unanticipated outcomes in obstetrics / |
| 246 | 3 | 0 | _aCommunicating intended or unanticipated outcomes in obstetrics |
| 260 |
_aSan Francisco : _bJossey-Bass, _c2003. |
||
| 300 |
_axiv, 176 p. : _bill. ; _c23 cm. |
||
| 650 | 0 | _aObstetrics. | |
| 650 | 0 | _aInformed consent (Medical law) | |
| 650 | 0 | _aMedical personnel and patient. | |
| 650 | 0 | _aPatient education. | |
| 650 | 1 | 2 | _aPregnancy Outcome |
| 650 | 2 | 2 | _aInformed Consent. |
| 650 | 2 | 2 | _aPhysician-Patient Relations. |
| 650 | 2 | 2 | _aTruth Disclosure. |
| 700 | 1 | _aRozovsky, F. A. | |
| 856 | 4 | 2 | _uhttp://www.loc.gov/catdir/bios/wiley045/2002154039.html |
| 856 | 4 | 2 | _uhttp://www.loc.gov/catdir/description/wiley038/2002154039.html |
| 856 | 4 | 1 | _uhttp://www.loc.gov/catdir/toc/fy037/2002154039.html |
| 942 | _cEK | ||
| 999 |
_c12486 _d12486 |
||